00373 2200157 4500245003900000020001800039250001100057100001600068650001600084005001900100260004200119041001400161084000800175300002300183336000900206 aSeperti BintangcRegina FebyhText a979-22-1395-3 aCet. 3 aRegina Feby aNovel Fiksi a20230109092443 aJakartabGramedia Pustaka Utamac2005 aIndonesia a813 a224 hlm. :c20 cm. atext